[Event "AUTO-MASTER-2826"]
[Site "http://www.queenalice.com/game.php?id=1564168"]
[Date "2019.3.13"]
[Round "1"]
[White "K_I_D"]
[Black "clovis"]
[Result "1-0"]
[WhiteElo "2151"]
[BlackElo "2058"]

1. g3 e5 2. c4 Bc5 3. Nc3 Nf6 4. Bg2 Nc6 5. Nf3 d6 6. a3 Bg4 7. b4 Bb6 8. d3 O-O
9. h3 Bh5 10. O-O Nd4 11. g4 Bg6 12. Nh4 c6 13. g5 Nh5 14. Nxg6 fxg6 15. e3 Ne6
16. h4 Qe7 17. a4 a6 18. Ba3 h6 19. b5 hxg5 20. bxc6 bxc6 21. Bxc6 gxh4 22. Bxa8
Rxa8 23. Nd5 Qg5+ 24. Kh2 Rf8 25. Ra2 h3 26. Rg1 Qh4 27. f3 Bxe3 28. Rg4 Bf4+
29. Nxf4 Qf6 30. Nxg6 Qxf3 31. Qxf3 Rxf3 32. Bxd6 Rxd3 33. Bxe5 Re3 34. Rf2 1-0

[Event "AUTO-MASTER-2824"]
[Site "http://www.queenalice.com/game.php?id=1572336"]
[Date "2019.5.26"]
[Round "2"]
[White "K_I_D"]
[Black "CCapivara"]
[Result "1-0"]
[WhiteElo "2201"]
[BlackElo "2262"]

1. Nf3 d5 2. d4 Nf6 3. c4 Bg4 4. cxd5 Nxd5 5. Ne5 Bh5 6. Qb3 Nb6 7. e3 N8d7 8.
Be2 Bg6 9. Nxg6 hxg6 10. O-O e6 11. Rd1 Bd6 12. h3 Qg5 13. Bg4 O-O-O 14. e4 Bf4
15. Nd2 Kb8 16. g3 Bd6 17. Nc4 Qe7 18. e5 Nxc4 19. Qxc4 Bb4 20. a3 Ba5 21. b4
Bb6 22. a4 a5 23. Ba3 axb4 24. Bxb4 c5 25. dxc5 Bxc5 26. Rxd7 Qxd7 27. Qxc5 Qd4
28. Qc3 Qxc3 29. Bxc3 Rd3 30. Bb4 Rc8 31. Ra2 Rd5 32. Bd6+ Ka7 33. a5 f5 34. Bf3
Rb5 35. Be2 Rb3 36. Kg2 g5 37. Bh5 f4 38. gxf4 gxf4 39. Bg4 Re8 40. h4 g6 41.
Ra4 f3+ 42. Bxf3 Rh8 43. Bc5+ Kb8 44. Rg4 Rb5 45. Bb6 Rxe5 46. Rxg6 Kc8 47. Bd4
1-0

[Event "AUTO-MASTER-2824"]
[Site "http://www.queenalice.com/game.php?id=1572337"]
[Date "2019.5.26"]
[Round "2"]
[White "CCapivara"]
[Black "K_I_D"]
[Result "0-1"]
[WhiteElo "2261"]
[BlackElo "2187"]

1. e4 e6 2. d4 d5 3. exd5 exd5 4. Nf3 Nc6 5. Bd3 Bg4 6. c3 Qf6 7. Nbd2 Qe6+ 8.
Be2 Nf6 9. O-O Bd6 10. Qb3 O-O 11. Bd3 a6 12. Re1 Qd7 13. Ne5 Nxe5 14. dxe5 Rfe8
15. f4 Nh5 16. Nf1 Bc5+ 17. Kh1 c6 18. Be3 Bxe3 19. Nxe3 Nxf4 20. Bf1 Bh5 21.
Nc2 Ng6 22. Nd4 Nxe5 23. a4 Rac8 24. a5 c5 25. Nc2 Qc6 26. Ne3 c4 27. Qc2 Bg6
28. Qf2 Re6 29. Rad1 Be4 30. Qg3 Nd3 31. Bxd3 cxd3 32. Ng4 Qb5 33. Nf2 d2 34.
Rf1 Rg6 35. Nxe4 Rxg3 36. Nxg3 Qxb2 0-1

[Event "AUTO-MASTER-2824"]
[Site "http://www.queenalice.com/game.php?id=1572338"]
[Date "2019.5.26"]
[Round "2"]
[White "K_I_D"]
[Black "clovis"]
[Result "1-0"]
[WhiteElo "2215"]
[BlackElo "1992"]

1. e4 e5 2. Nf3 Nc6 3. Bb5 f5 4. d3 fxe4 5. Bxc6 dxc6 6. Nxe5 Nf6 7. O-O Bd6 8.
Nc4 O-O 9. Nxd6 Qxd6 10. dxe4 Nxe4 11. Qxd6 cxd6 12. c4 Be6 13. b3 d5 14. Re1
Bf5 15. cxd5 Nxf2 16. Kxf2 Bxb1+ 17. Kg3 Bg6 18. d6 Rad8 19. Bf4 Rxf4 20. Kxf4
Rxd6 21. Rad1 Rxd1 22. Rxd1 b5 23. Rd8+ 1-0

[Event "AUTO-MASTER-2824"]
[Site "http://www.queenalice.com/game.php?id=1572339"]
[Date "2019.5.26"]
[Round "2"]
[White "clovis"]
[Black "K_I_D"]
[Result "0-1"]
[WhiteElo "1989"]
[BlackElo "2181"]

1. e4 e6 2. d4 d5 3. exd5 exd5 4. Nf3 Bd6 5. Bd3 Nf6 6. O-O O-O 7. Re1 h6 8. Ne5
c5 9. c3 Nc6 10. Qf3 Re8 11. Bf4 cxd4 12. Nxc6 Rxe1+ 13. Bf1 bxc6 14. cxd4 Ba6
0-1

[Event "AUTO-ELITE-2123"]
[Site "http://www.queenalice.com/game.php?id=1573481"]
[Date "2019.6.5"]
[Round "1"]
[White "kookaburra"]
[Black "K_I_D"]
[Result "0-1"]
[WhiteElo "2250"]
[BlackElo "2234"]

1. Nf3 d5 2. c4 d4 3. e3 c5 4. exd4 cxd4 5. d3 Nc6 6. a3 Nf6 7. g3 a5 8. Bg2 e5
9. O-O Be7 10. Re1 Qc7 11. Bg5 h6 12. Bxf6 Bxf6 13. Nbd2 O-O 14. Rb1 a4 15. h3
Bf5 16. Ne4 Be7 17. Nfd2 Be6 18. g4 g6 19. Ng3 Kh7 20. b4 axb3 21. Qxb3 Bc8 22.
a4 f5 23. gxf5 gxf5 24. f4 Bh4 25. Ne2 Bxe1 26. Rxe1 exf4 27. Rf1 Qa5 28. Nf3
Qxa4 29. Qb6 Qa5 30. Qb3 Qc7 31. Qb2 Re8 32. Nfxd4 Nxd4 33. Nxd4 Qg7 34. Qf2 Ra3
35. Qxf4 Ra2 36. Rf2 Re1+ 37. Kh2 Rxf2 38. Qxf2 Qe5+ 39. Qg3 f4 40. Be4+ Rxe4
0-1

[Event "AUTO-ELITE-2123"]
[Site "http://www.queenalice.com/game.php?id=1573482"]
[Date "2019.6.5"]
[Round "1"]
[White "K_I_D"]
[Black "kookaburra"]
[Result "1-0"]
[WhiteElo "2220"]
[BlackElo "2272"]

1. d4 Nf6 2. c4 e6 3. g3 d5 4. Bg2 Bb4+ 5. Bd2 Bxd2+ 6. Nxd2 c6 7. Ngf3 Nbd7 8.
O-O O-O 9. Qc2 Re8 10. e4 dxe4 11. Nxe4 Nxe4 12. Qxe4 c5 13. Qc2 cxd4 14. Nxd4
Nf6 15. Rfd1 Qe7 16. Nb5 e5 17. Nd6 Rd8 18. c5 Bg4 19. Rd2 Rab8 20. b4 b6 21.
Re1 bxc5 22. bxc5 g6 23. h3 Bc8 24. a4 Ba6 25. Qc3 e4 26. Rd4 Bb7 27. c6 Rxd6
28. Rxd6 Qxd6 29. cxb7 h5 30. Rc1 h4 31. gxh4 Re8 32. Qa5 e3 33. fxe3 Rxe3 34.
Rc8+ Kg7 35. b8=Q Qd1+ 36. Kh2 Ng4+ 37. hxg4 Qxg4 38. Qb2+ 1-0

[Event "AUTO-ELITE-2123"]
[Site "http://www.queenalice.com/game.php?id=1573485"]
[Date "2019.6.5"]
[Round "1"]
[White "Donidon"]
[Black "K_I_D"]
[Result "1/2-1/2"]
[WhiteElo "2481"]
[BlackElo "2289"]

1. e4 e6 2. d4 d5 3. Nc3 Nf6 4. e5 Nfd7 5. f4 Be7 6. Nf3 c5 7. Bb5 a6 8. Bxd7+
Bxd7 9. O-O O-O 10. Be3 cxd4 11. Bxd4 h6 12. Be3 Nc6 13. Ne2 f6 14. Ned4 Bc5 15.
Qd2 Bxd4 16. Bxd4 Nxd4 17. Nxd4 fxe5 18. fxe5 Qe7 19. c3 Bb5 20. Rf3 Rxf3 21.
gxf3 Rf8 22. Kh1 Kh8 23. Rg1 Be8 24. Qg2 Bh5 25. Qh3 Qf7 26. Rf1 Kh7 27. f4 Bg6
28. Kg1 Bf5 29. Qg3 a5 30. a4 Qe8 31. b3 Qh5 32. h4 Bg4 33. Rf2 Rg8 34. Rg2 Bf5
35. Rd2 Rf8 36. Kf2 g5 37. hxg5 hxg5 38. Qxg5 Qxg5 39. fxg5 Kg6 40. Ke3 Rh8 41.
Rf2 Rh3+ 42. Rf3 Rxf3+ 43. Nxf3 Bg4 44. Nd2 Bd1 45. c4 dxc4 46. Nxc4 Bxb3 47.
Nxa5 Bxa4 48. Nxb7 Kxg5 49. Nc5 Kf5 50. Nxe6 Kxe6 51. Kd4 Bb3 52. Ke4 Bc2+ 53.
Kf4 Bh7 54. Kg5 Kxe5 55. Kh6 1/2-1/2

[Event "AUTO-ELITE-2123"]
[Site "http://www.queenalice.com/game.php?id=1573486"]
[Date "2019.6.5"]
[Round "1"]
[White "K_I_D"]
[Black "Donidon"]
[Result "0-1"]
[WhiteElo "2296"]
[BlackElo "2477"]

1. d4 Nf6 2. Bg5 Ne4 3. Bf4 g5 4. Be5 f6 5. e3 h5 6. Be2 g4 7. Bf4 Bg7 8. Bd3 d5
9. Ne2 c6 10. O-O Na6 11. a3 Bf5 12. f3 gxf3 13. gxf3 Nd6 14. Bxf5 Nxf5 15. e4
Nh6 16. c4 dxe4 17. fxe4 e5 18. Bxh6 Bxh6 19. d5 cxd5 20. cxd5 Qb6+ 21. Kh1
O-O-O 22. b4 Nc7 23. Nbc3 h4 24. Qd3 Bg5 25. Rad1 Kb8 26. Rf3 Qd6 27. Na4 b6 28.
Qb3 Rhg8 29. h3 Rg7 30. Nb2 Bf4 31. Nd3 Bg3 32. Nc5 Ka8 33. Rb1 Bf4 34. Nd3 Bg5
35. Nf2 Ne8 36. a4 Rc8 37. a5 Rgc7 38. Ra1 bxa5 39. Rxa5 Qb6 40. Qa4 Nd6 41. Kg2
Rg8 42. Kh2 Nxe4 43. d6 Nxd6 44. Qb3 Rgc8 45. Qd5+ Kb8 46. Rc5 Rxc5 47. bxc5
Rxc5 48. Qg8+ Rc8 49. Qe6 Nc4 50. Qxb6+ axb6 51. Ne4 Nd2 52. Nxd2 Bxd2 53. Rxf6
Rc2 54. Kg2 Kc7 55. Rf7+ Kd6 0-1

[Event "AUTO-OPEN-4034"]
[Site "http://www.queenalice.com/game.php?id=1576796"]
[Date "2019.7.9"]
[Round "2"]
[White "K_I_D"]
[Black "LOMBARDY"]
[Result "1-0"]
[WhiteElo "2258"]
[BlackElo "2220"]

1. e4 c6 2. d4 d5 3. Nc3 dxe4 4. Nxe4 Bf5 5. Ng3 Bg6 6. Be2 e6 7. Nf3 Nd7 8. Bf4
Ngf6 9. O-O Nd5 10. Bg5 Be7 11. Bxe7 Qxe7 12. c4 Nf4 13. Re1 Nxe2+ 14. Qxe2 O-O
15. d5 cxd5 16. cxd5 Rfe8 17. Qb5 Nc5 18. Ne5 b6 19. b4 Nb7 20. Nxg6 hxg6 21.
dxe6 fxe6 22. a3 Nd6 23. Qe5 Nf7 24. Qe4 Qf6 25. Rac1 Nd6 26. Qc6 Nf5 27. Ne4
Qh4 28. Qb7 Qg4 29. Rc7 Qf4 30. Ng3 Qh6 31. Rd1 Nxg3 32. hxg3 Reb8 33. Qe4 g5
34. Rdd7 Rd8 35. g4 Rac8 36. Qb7 1-0

[Event "AUTO-OPEN-4034"]
[Site "http://www.queenalice.com/game.php?id=1576797"]
[Date "2019.7.9"]
[Round "2"]
[White "LOMBARDY"]
[Black "K_I_D"]
[Result "0-1"]
[WhiteElo "2209"]
[BlackElo "2269"]

1. d4 Nf6 2. c4 e6 3. Nc3 Bb4 4. Qc2 d6 5. Bg5 O-O 6. e3 h6 7. Bh4 e5 8. Nf3 Re8
9. Be2 g5 10. dxe5 Bxc3+ 11. bxc3 gxh4 12. exf6 Qxf6 13. Rd1 Bf5 14. Qb3 Na6 15.
Nd4 Nc5 16. Qb2 Be4 17. O-O h3 18. g3 Bg2 19. Rfe1 Re4 20. Rc1 Rae8 21. Nb5 R8e7
22. a4 Nxa4 23. Qa3 Nc5 24. Qxa7 Bf3 25. Bf1 Bg2 26. Be2 Kh7 27. Qb8 Bf3 28. Bf1
Rg4 29. Nxc7 Rg8 30. Qxg8+ Kxg8 31. Nd5 Bxd5 32. cxd5 Ne4 33. f4 Nxc3 34. Bxh3
Nxd5 35. e4 Qd4+ 0-1

[Event "AUTO-OPEN-4034"]
[Site "http://www.queenalice.com/game.php?id=1576798"]
[Date "2019.7.9"]
[Round "2"]
[White "K_I_D"]
[Black "lfcanales"]
[Result "1-0"]
[WhiteElo "2246"]
[BlackElo "2062"]

1. e4 e5 2. Nf3 Nc6 3. Bb5 Nge7 4. O-O d6 5. d4 a6 6. Bc4 h6 7. dxe5 dxe5 8.
Qxd8+ Nxd8 9. Nxe5 b5 10. Bb3 Bb7 11. Nc3 Nec6 12. Nd3 Bd6 13. e5 Be7 14. Be3
O-O 15. Nd5 Ne6 16. f4 Bd8 17. Nc3 Ned4 18. Nc5 Nxb3 19. axb3 Rb8 20. Nd7 1-0

[Event "AUTO-MASTER-2826"]
[Site "http://www.queenalice.com/game.php?id=1579892"]
[Date "2019.8.10"]
[Round "2"]
[White "cerenzo72"]
[Black "K_I_D"]
[Result "0-1"]
[WhiteElo "2126"]
[BlackElo "2289"]

1. c4 e6 2. Nc3 Bb4 3. Nf3 Bxc3 4. bxc3 Nf6 5. d4 b6 6. Bg5 h6 7. Bxf6 Qxf6 8.
e4 d6 9. e5 Qf4 10. Qd3 Bb7 11. Be2 Nd7 12. exd6 Qxd6 13. Rd1 O-O 14. O-O e5 15.
d5 Rae8 16. Qf5 Nc5 17. Rfe1 e4 18. Nd2 Bc8 19. Qh5 f5 20. Nf1 f4 21. Nd2 Re5
22. Qh4 Rg5 23. f3 e3 24. Nb3 Na4 25. Rc1 Qf6 26. Nd4 Rxg2+ 0-1

[Event "AUTO-MASTER-2826"]
[Site "http://www.queenalice.com/game.php?id=1579893"]
[Date "2019.8.10"]
[Round "2"]
[White "K_I_D"]
[Black "cerenzo72"]
[Result "1-0"]
[WhiteElo "2281"]
[BlackElo "2134"]

1. e4 c5 2. Nf3 d6 3. Bb5+ Bd7 4. Bxd7+ Nxd7 5. c3 Ngf6 6. d3 g6 7. O-O Bg7 8.
h3 O-O 9. Re1 Rc8 10. Be3 Qc7 11. Nbd2 d5 12. e5 Nxe5 13. Nxe5 Qxe5 14. Bxc5 Qf5
15. Bxe7 Rfe8 16. Bxf6 Bxf6 17. Nf3 Rxe1+ 18. Nxe1 Re8 19. Nf3 b5 20. a4 a6 21.
axb5 axb5 22. g4 Qd7 23. Qd2 h5 24. Qf4 Bg7 25. gxh5 gxh5 26. Kh2 Kf8 27. d4 f6
28. Ne5 Qe6 29. Ra7 Kg8 30. Ng6 Kh7 31. Qg3 Rg8 32. Nf8+ 1-0

[Event "AUTO-MASTER-2826"]
[Site "http://www.queenalice.com/game.php?id=1579896"]
[Date "2019.8.10"]
[Round "2"]
[White "K_I_D"]
[Black "JailtonMaster"]
[Result "1-0"]
[WhiteElo "2274"]
[BlackElo "2123"]

1. e4 d5 2. exd5 Qxd5 3. Nf3 Nf6 4. d4 e6 5. c4 Qd8 6. Nc3 c6 7. Bd3 Bb4 8. a3
Bxc3+ 9. bxc3 O-O 10. O-O Nbd7 11. Re1 a6 12. Bf4 b5 13. c5 Nd5 14. Bg5 f6 15.
Bh4 Nf4 16. Be4 Bb7 17. Qd2 Nd5 18. c4 Nc7 19. Qc2 h6 20. Bg6 bxc4 21. Qxc4 a5
22. Qb3 Ba6 23. Bg3 a4 24. Qxa4 Bd3 25. Qxc6 Bxg6 26. Bxc7 Qc8 27. Rxe6 Bf5 28.
Re7 Ra6 29. Qd5+ 1-0

[Event "AUTO-MASTER-2826"]
[Site "http://www.queenalice.com/game.php?id=1579897"]
[Date "2019.8.10"]
[Round "2"]
[White "JailtonMaster"]
[Black "K_I_D"]
[Result "1/2-1/2"]
[WhiteElo "2107"]
[BlackElo "2279"]

1. d4 Nf6 2. c4 e6 3. Nf3 d5 4. Bf4 dxc4 5. Nc3 c6 6. e4 b5 7. a4 b4 8. e5 bxc3
9. exf6 cxb2 10. Rb1 Bb4+ 11. Bd2 c3 12. fxg7 cxd2+ 13. Nxd2 Rg8 14. Rxb2 Qxd4
15. Qb3 Qe5+ 16. Be2 Ba6 17. O-O Bxe2 18. Re1 Bxd2 19. Rxd2 Bc4 20. Qd1 Qxg7 21.
Rd8+ Ke7 22. Qd6+ Kf6 23. Qe5+ Ke7 24. Qc7+ Kf6 25. Qe5+ Ke7 26. Qc7+ Kf6 27.
Qe5+ 1/2-1/2

[Event "AUTO-OPEN-4029"]
[Site "http://www.queenalice.com/game.php?id=1586491"]
[Date "2019.10.11"]
[Round "2"]
[White "seega"]
[Black "K_I_D"]
[Result "0-1"]
[WhiteElo "2325"]
[BlackElo "2305"]

1. Nf3 Nf6 2. c4 c5 3. d4 cxd4 4. Nxd4 Nc6 5. Nc3 e6 6. Ndb5 d6 7. Bf4 e5 8. Bg5
a6 9. Na3 Be6 10. g3 Qb6 11. Qb3 Qxb3 12. axb3 Nd4 13. Nab5 Nc2+ 14. Kd1 Nxa1
15. Nc7+ Kd7 16. Nxa8 Ng4 17. Be3 Nxe3+ 18. fxe3 Nxb3 0-1

[Event "AUTO-OPEN-4029"]
[Site "http://www.queenalice.com/game.php?id=1586492"]
[Date "2019.10.11"]
[Round "2"]
[White "K_I_D"]
[Black "seega"]
[Result "1-0"]
[WhiteElo "2318"]
[BlackElo "2312"]

1. e4 c5 2. Nf3 e6 3. d4 cxd4 4. Nxd4 a6 5. Bd3 g6 6. c4 Bg7 7. Be3 d5 8. cxd5
exd5 9. Nc3 Ne7 10. Qc2 O-O 11. Rd1 dxe4 12. Bxe4 Qa5 13. h3 Nbc6 14. O-O Nxd4
15. Bxd4 Bf5 16. Bxg7 Kxg7 17. Bxf5 Qxf5 18. Ne4 Rac8 19. Qa4 1-0

[Event "AUTO-OPEN-4029"]
[Site "http://www.queenalice.com/game.php?id=1586497"]
[Date "2019.10.11"]
[Round "2"]
[White "K_I_D"]
[Black "ArmandoFerreira"]
[Result "1/2-1/2"]
[WhiteElo "2353"]
[BlackElo "2747"]

1. e4 c5 2. Nf3 d6 3. Bb5+ Nd7 4. O-O a6 5. Bxd7+ Bxd7 6. Nc3 Nf6 7. e5 dxe5 8.
Nxe5 e6 9. Re1 Rc8 10. d4 cxd4 11. Qxd4 Be7 12. Qh4 Bc6 13. Qg3 O-O 14. Bh6 Ne8
15. Rad1 Qc7 16. Bf4 Qb6 17. Nd3 g6 18. Be3 Qc7 19. Bh6 Ng7 20. Qe5 Qxe5 21.
Nxe5 Rfd8 22. Rxd8+ Bxd8 23. Nxc6 Rxc6 24. Rd1 Bc7 25. Rd7 Nf5 26. Bd2 Nd6 27.
Bf4 Ne8 28. Bxc7 Nxc7 29. g4 h6 30. Rd8+ Kg7 31. Kf1 Kf6 32. h3 Ke7 33. Rc8 Kd6
34. Rb8 b5 35. Ke2 h5 36. a3 Rc4 37. gxh5 gxh5 38. Kf3 f5 39. Rd8+ Ke5 40. Rb8
Kf6 41. Rf8+ Ke5 42. Rb8 Nd5 43. Nxd5 Kxd5 44. Rd8+ Ke5 45. c3 Rh4 46. Kg2
1/2-1/2

[Event "AUTO-OPEN-4029"]
[Site "http://www.queenalice.com/game.php?id=1586498"]
[Date "2019.10.11"]
[Round "2"]
[White "ArmandoFerreira"]
[Black "K_I_D"]
[Result "0-1"]
[WhiteElo "2761"]
[BlackElo "2330"]

1. d4 Nf6 2. c4 e6 3. Nf3 Bb4+ 4. Bd2 Be7 5. Nc3 d5 6. Bf4 O-O 7. e3 b6 8. Bd3
Bb7 9. cxd5 Nxd5 10. Nxd5 Qxd5 11. Bxc7 Na6 12. Be5 Qa5+ 13. Kf1 Nb4 14. Be2
Rac8 15. a3 Nc6 16. Bg3 Bf6 17. Kg1 Rfd8 18. h3 Ne7 19. Ne5 Bxe5 20. Bxe5 f6 21.
Bg3 Qd5 22. Bf3 Qd7 23. Bxb7 Qxb7 24. Kh2 Nf5 25. Qb3 Kf7 26. Rhc1 h5 27. Qc2
Rxc2 28. Rxc2 Nxg3 29. fxg3 Kg6 30. Re1 Rc8 31. Rf2 Qe4 32. g4 hxg4 33. Rf4 Qc2
34. Rxg4+ Kf7 35. e4 Qxb2 36. Rd1 Qe2 37. Rg1 Rc4 38. Rf4 Rxd4 39. Rc1 g5 0-1

[Event "AUTO-OPEN-4034"]
[Site "http://www.queenalice.com/game.php?id=1588353"]
[Date "2019.10.30"]
[Round "3"]
[White "K_I_D"]
[Black "CCapivara"]
[Result "1-0"]
[WhiteElo "2295"]
[BlackElo "2242"]

1. e4 d6 2. d4 Nf6 3. Bd3 e5 4. d5 Be7 5. Ne2 O-O 6. Ng3 c6 7. c4 cxd5 8. exd5
Nbd7 9. Nc3 a6 10. O-O Nc5 11. Be2 Rb8 12. Be3 b6 13. b4 Ncd7 14. Nf5 Re8 15.
Bd3 Nf8 16. Nxe7+ Qxe7 17. f3 Bd7 18. Qc2 Rec8 19. Qd2 Ng6 20. Rfe1 h5 21. c5
bxc5 22. bxc5 dxc5 23. Bxg6 fxg6 24. Bf4 c4 25. Bxe5 Qc5+ 26. Bd4 Qa5 27. Re7
Qd8 28. Bxf6 gxf6 29. Rae1 g5 30. Qc2 f5 31. Qd2 1-0

[Event "AUTO-OPEN-4034"]
[Site "http://www.queenalice.com/game.php?id=1588354"]
[Date "2019.10.30"]
[Round "3"]
[White "CCapivara"]
[Black "K_I_D"]
[Result "0-1"]
[WhiteElo "2215"]
[BlackElo "2364"]

1. e4 e6 2. d4 d5 3. exd5 exd5 4. Nf3 Bd6 5. Bd3 Nf6 6. O-O O-O 7. Bg5 h6 8. Bh4
Be6 9. Nbd2 Nbd7 10. Re1 Re8 11. c3 c6 12. Ne5 Qb6 13. Qc2 Bxe5 14. dxe5 Nh5 15.
Bf5 g5 16. Bg3 Bxf5 17. Qxf5 Rad8 18. e6 Rxe6 19. Rxe6 Ng7 20. Qh3 Nxe6 21. Qxh6
Qxb2 22. Rd1 Qc2 23. Qh5 Ng7 24. Qf3 Re8 25. Nf1 f5 26. Bd6 Qxa2 27. Ng3 Qc2 28.
Rf1 f4 29. Nh5 Qg6 30. Nxg7 Kxg7 31. Ba3 Ne5 32. Qd1 Qd3 33. Qh5 Nf7 34. Bb2 Qe2
35. Qxe2 Rxe2 36. Ba3 a5 37. Rb1 b5 38. Kf1 Ra2 39. Bc5 g4 40. Re1 Kf6 41. Be7+
Kf5 42. h4 gxh3 43. gxh3 Rc2 44. h4 Rxc3 45. Kg2 b4 46. h5 Rc2 47. h6 Nxh6 0-1

[Event "AUTO-OPEN-4029"]
[Site "http://www.queenalice.com/game.php?id=1590617"]
[Date "2019.11.19"]
[Round "3"]
[White "K_I_D"]
[Black "bmax"]
[Result "1-0"]
[WhiteElo "2372"]
[BlackElo "2172"]

1. d4 d5 2. c4 Nc6 3. cxd5 Qxd5 4. e3 e5 5. Nc3 Bb4 6. a3 Bxc3+ 7. bxc3 Nf6 8.
c4 Qd6 9. d5 Nb8 10. Ne2 Na6 11. Qc2 Nc5 12. Ng3 O-O 13. Be2 c6 14. e4 cxd5 15.
cxd5 Bd7 16. Qb1 Rfc8 17. Bd2 a5 18. O-O a4 19. Qb4 Ne8 20. f4 Nb3 21. fxe5 Qxe5
22. Bf4 Qd4+ 23. Qxd4 Nxd4 24. Bd3 Rc3 25. Rfd1 Nb5 26. Bxb5 Bxb5 27. Bd2 Rd3
28. Nf5 g6 29. Ne7+ Kg7 30. e5 f6 31. e6 Rd8 32. Rab1 Rb3 33. Rbc1 Rxa3 34. Ba5
Rd6 35. Bb4 1-0

[Event "AUTO-OPEN-4029"]
[Site "http://www.queenalice.com/game.php?id=1590618"]
[Date "2019.11.19"]
[Round "3"]
[White "bmax"]
[Black "K_I_D"]
[Result "0-1"]
[WhiteElo "2166"]
[BlackElo "2378"]

1. d4 Nf6 2. Bf4 c5 3. d5 Qb6 4. Nc3 Qxb2 5. Bd2 Qb6 6. e4 d6 7. f4 Qd8 8. Nf3
a6 9. a4 g6 10. Bc4 Bg7 11. Rb1 Nbd7 12. O-O O-O 13. Qe2 Nb6 14. a5 Nxc4 15.
Qxc4 Qxa5 16. Na4 Qc7 17. Nb6 Rb8 18. Ba5 Bg4 19. h3 Bxf3 20. Rxf3 Rfe8 21. f5
Nd7 22. Nxd7 Qxd7 23. Rb6 Bd4+ 24. Kh1 Be5 25. g4 f6 26. fxg6 hxg6 27. Qe2 Qa4
28. Be1 c4 29. Rb4 Qa2 30. Qd1 Rec8 31. h4 b5 32. Bg3 a5 33. Rb1 Rf8 34. h5 b4
35. hxg6 b3 36. cxb3 Kg7 37. Rf2 Rh8+ 38. Kg2 Rxb3 39. Rxb3 Qxb3 0-1